Từng bước luyện nói tiếng Anh lưu loát, tập 2

Gardado en:
Detalles Bibliográficos
Formato: Libro
Các nhãn: Engadir etiqueta
Sen Etiquetas, Sexa o primeiro en etiquetar este rexistro!
Thư viện lưu trữ: Mạng thư viện Đại học Đà Nẵng
LEADER 00454nam a22001691a 4500
001 000037278
003 13573
005 20160412020323.0
008 160412s0 000
082 |a 4A(07)240 
245 |a Từng bước luyện nói tiếng Anh lưu loát, tập 2  |c Nguyễn Thành Yến 
OWN |a LNN 
999 |a From the UDN01 
TYP |a Monograph 
980 |a Mạng thư viện Đại học Đà Nẵng